The Backrooms Entity Quiz - Statistics

General Stats
  • This quiz has been taken 800 times
  • The average score is 7 of 12
Answer Stats
Hint Answer % Correct
Smiles, appears in darkness Smiler
97%
Steals the skin of its victims, has transparent blood Skin Stealer
91%
Holds a balloon, found in Level Fun Partygoer
80%
Somewhat humanoid creature, walks on all fours Hound
76%
Found on Level 0, chases the victim while screaming The Bacteria
61%
Humanoid creatures that partially or entirely lack facial features Faceling
55%
Massive fish that lurks in the water of Level 7 The Thing on Level 7
52%
Humanoid figures that have been starved, dehydrated, and have overall gone insane Wretch
44%
Instantly causes the victim’s bones to vanish upon sight Bone Thief
30%
Computer virus, jumps out of the screen to kill its victims Entity 666
29%
Appears when a wanderer falls asleep on the floor of an odd-numbered level Pinhead
25%
“Water” that, upon consumption, takes control over the victim’s mind Not Water
10%
No matching quizzes found
Score Distribution
Percent of People with Each Score
Percentile by Number Answered
Your Score History
You have not taken this quiz